000 01676cam a2200469 a 4500
999 _c23505
_d23505
001 vtls011593513
005 20221013131318.0
008 180124s2016 xo o g 000 0aslo
020 _a9788055151618
_q(viaz.)
035 _aA114DA69-3CDE-4EC4-8334-4FB667F7EC14
035 _aurn:nbn:sk:snk-amycxj
035 _aurn:nbn:sk:snk-am00cg5n
040 _aPPPK
_bslo
_cPPPK
_dSNK
_eAACR2
041 0 _aslo
_acze
044 _axo
_cSK
072 7 _a78.07
_xHudobníci, skladatelia a iné hudobné povolania
_2konspekt
072 7 _a929
_xBiografie
_2konspekt
080 _a78.071.2-055.2
_22011
080 _a78.03.011.26
_22011
080 _a(437.6)
_22011
080 _a(092)
_22011
100 1 _aKocianová, Jana,
_d1946-2018
_4aut
_93739
245 1 0 _aZahoď starosti
_cJana Kocianová, Marika Studeničová ; [fotografie: Hacke Anderson ... [et al.] ; kapitolu Biografia v skratke zostavil Miroslav Bruna]
250 _a1. vyd.
260 _aBratislava
_bIkar
_c2016
300 _a223 s.
_bfotogr.
_c21 cm
546 _aČiast. text v češ.
600 1 7 _aKocianová, Jana,
_d1946-2018
_2SNKMA
_93739
650 0 7 _aspeváčky
_2SNKPH
_93734
650 0 7 _apopulárna hudba
_2SNKPH
_93733
650 0 7 _aWomen singers
_2SNKPHeng
_93736
650 0 7 _apop-music
_2SNKPHeng
_93735
651 7 _aSlovensko
_2SNKPH
_91613
651 7 _aSlovakia
_2SNKPHeng
_91614
655 7 _aautobiografie
_2SNKPH
_91792
655 7 _aAutobiography
_2SNKPHeng
_91793
700 1 _aStudeničová, Marika,
_d1964-
_4aut
_93740
700 1 _aBruna, Miroslav
_4com
_4pht
_93741
700 1 _aAnderson, Hacke
_4pht
_93742
958 _aBX